Combien de fois pouvez vous taper le mot accueil ? - Statistiques

Statistiques générales
  • Ce quiz a été pris 286 fois
    285 depuis la dernière actualisation
  • Le résultat moyen est 29 sur 49
Statistiques - réponses
Réponse % Correct
a
100%
c
95%
c
95%
u
89%
e
88%
i
87%
l
87%
a
85%
c
84%
c
84%
u
80%
e
79%
i
78%
l
77%
a
74%
c
74%
c
73%
e
70%
u
70%
i
68%
a
67%
c
67%
l
67%
c
66%
u
60%
e
57%
i
56%
l
54%
a
50%
c
50%
c
49%
e
46%
u
46%
i
45%
l
45%
a
40%
c
40%
c
38%
u
36%
e
34%
i
34%
l
33%
a
31%
c
28%
c
28%
u
27%
e
26%
i
25%
l
25%
Aucun quiz correspondant
Distribution des résultats
% des personnes avec chaque résultat
Percentile par nombre de réponses
Votre historique - résultats
Vous n’avez pas pris ce quiz depuis la dernière actualisation